Historia de Felipe II, rey de España / (Record no. 15965)
[ view plain ]
| 000 -LEADER | |
|---|---|
| campo de control de longitud fija | 01176nam a2200277 i 4500 |
| 001 - NÚMERO DE CONTROL | |
| campo de control | 15965 |
| 003 - IDENTIFICADOR DE NÚMERO DE CONTROL | |
| campo de control | ES-MaACL |
| 005 - FECHA Y HORA DE LA ÚLTIMA TRANSACCIÓN | |
| campo de control | 20250821111647.0 |
| 007 - CAMPO FIJO DE DESCRIPCIÓN FÍSICA--INFORMACIÓN GENERAL | |
| campo de control de longitud fija | t| |
| 008 - DATOS DE LONGITUD FIJA--INFORMACIÓN GENERAL | |
| campo de control de longitud fija | 000529s1998 sp ||||1| spa d |
| 020 ## - NÚMERO INTERNACIONAL ESTÁNDAR DEL LIBRO | |
| Número Internacional Estándar del Libro | 84-7846-790-4 |
| 080 ## - NÚMERO DE LA CLASIFICACIÓN DECIMAL UNIVERSAL | |
| Número de la Clasificación Decimal Universal | 929 Felipe (460) II |
| 080 ## - NÚMERO DE LA CLASIFICACIÓN DECIMAL UNIVERSAL | |
| Número de la Clasificación Decimal Universal | 946.0 "1556/1598" |
| 100 1# - ENTRADA PRINCIPAL--NOMBRE DE PERSONA | |
| Nombre de persona | Cabrera de Córdoba, Luis, |
| Fechas asociadas al nombre | 1559-1623 |
| 9 (RLIN) | 33308 |
| 245 10 - MENCIÓN DEL TÍTULO | |
| Título | Historia de Felipe II, rey de España / |
| Mención de responsabilidad, etc. | Luis Cabrera de Córdoba ; edición José Martínez Millán, Carlos Javier de Carlos Morales. |
| 260 ## - PUBLICACIÓN, DISTRIBUCIÓN, ETC. | |
| Lugar de publicación, distribución, etc. | [Valladolid] : |
| Nombre del editor, distribuidor, etc. | Junta de Castilla y León, |
| Fecha de publicación, distribución, etc. | 1998. |
| 300 ## - DESCRIPCIÓN FÍSICA | |
| Extensión | 4 v. ; |
| Dimensiones | 29 cm. |
| 505 8# - NOTA DE CONTENIDO CON FORMATO | |
| Nota de contenido con formato | Tit. del vol. IV: Felipe II (1527-1598) : la configuración de la monarquía hispánica / José Martínez Millán, Carlos J. de Carlos Morales (directores) |
| 600 04 - PUNTO DE ACCESO ADICIONAL DE MATERIA--NOMBRE DE PERSONA | |
| Nombre de persona | Felipe |
| Numeración | II, |
| Títulos y otros términos asociados al nombre | Rey de España |
| 9 (RLIN) | 49175 |
| 651 #4 - PUNTO DE ACCESO ADICIONAL DE MATERIA--NOMBRE GEOGRÁFICO | |
| Nombre geográfico | España- |
| Subdivisión general | Historia- |
| Subdivisión cronológica | 1556-1598, Felipe II. |
| 9 (RLIN) | 8218 |
| 700 1# - ENTRADA AGREGADA--NOMBRE PERSONAL | |
| Nombre de persona | Martínez Millán, José. |
| 9 (RLIN) | 78237 |
| 700 1# - ENTRADA AGREGADA--NOMBRE PERSONAL | |
| Nombre de persona | Carlos Morales, Carlos Javier de, |
| Fechas asociadas al nombre | 1964- |
| 9 (RLIN) | 35308 |
| 710 1# - ENTRADA AGREGADA--NOMBRE DE ENTIDAD CORPORATIVA | |
| Nombre de entidad corporativa o nombre de jurisdicción como elemento de entrada | Castilla y León. |
| Unidad subordinada | Consejería de Educación y Cultura. |
| 9 (RLIN) | 2500 |
| 852 ## - LOCALIZACIÓN | |
| Ubicación | ES-MaACL |
| Número de control de estantería | L-23192-95 |
| Sublocalización o colección | R.128260 |
| Estatus retirado | Estado de pérdida | Estado de daño | No para préstamo | Biblioteca de origen | Biblioteca actual | Ubicación en estantería | Fecha de adquisición | Fuente de adquisición | Total de préstamos | Signatura topográfica completa | Código de barras | Visto por última vez | Precio de reemplazo | Tipo de ítem Koha |
|---|---|---|---|---|---|---|---|---|---|---|---|---|---|---|
| Biblioteca del Ateneo de Madrid | Biblioteca del Ateneo de Madrid | Depósito 2 | 17/01/2008 | L-23192-95 | 1016226 | 23/02/2023 | 23/02/2023 | Libro impreso |
